Loading...
| Social Science | 0 | 6 | 0 | 0 | 60 | 19 | 59.83 | 4 | 5 | 0.00 | 0.00 |
| History - World | 0 | 4 | 0 | 1 | 40 | 62 | 92.25 | 0 | 2 | 0.00 | 0.00 |
| History - European | 0 | 4 | 0 | 0 | 40 | 56 | 71.00 | 3 | 4 | 0.00 | 0.00 |
| History - Other | 0 | 4 | 0 | 0 | 40 | 55 | 69.50 | 1 | 2 | 0.00 | 0.00 |
| Pop Culture | 0 | 3 | 0 | 1 | 30 | 59 | 93.33 | 1 | 1 | 0.00 | 0.00 |
| History - American | 0 | 3 | 2 | 0 | 20 | 54 | 64.00 | 1 | 3 | 0.00 | 0.00 |
| Geography/Current Events | 0 | 2 | 0 | 0 | 20 | 59 | 76.00 | 1 | 1 | 0.00 | 0.00 |
| Fine Arts - Classical Music | 0 | 2 | 1 | 0 | 15 | 39 | 86.00 | 0 | 1 | 0.00 | 0.00 |
| Other Academic | 0 | 1 | 0 | 0 | 10 | 110 | 110.00 | 0 | 0 | 0.00 | 0.00 |
| Fine Arts - Other | 0 | 1 | 0 | 0 | 10 | 108 | 108.00 | 0 | 1 | 0.00 | 0.00 |
| Literature - American | 0 | 1 | 0 | 0 | 10 | 100 | 100.00 | 0 | 0 | 0.00 | 0.00 |
| Religion | 0 | 1 | 0 | 0 | 10 | 44 | 44.00 | 1 | 1 | 0.00 | 0.00 |
| Philosophy | 0 | 0 | 1 | 0 | -5 | 0.00 | 0 | 0 | 0.00 | 0.00 |